000 00271nam a22001097a 4500
008 240710b |||||||| |||| 00| 0 eng d
100 _aManohar, Das Kodomal
_916803
245 _aChashtichita
260 _aBombay:
_bLok Sewa Manadal;
_c1965.
300 _a80p.
942 _cBK
999 _c39929
_d39929